MDQL
is popping MORE tags! Check the
thread
!
Quizzes
Events
Quiz Creation
Community
Videos
Private Events
Remove Ads
Sign In
Join for FREE
Feedback
Dark Mode
Quiz Categories
Sports
Geography
Music
Movies
Television
Just For Fun
Miscellaneous
History
Literature
Language
Science
Gaming
Entertainment
Religion
Holiday
For Kids
Quiz Lab
Recent
Popular Today
Quiz Kudos Today
Editor Picks
Curator Picks
Quizzes by...
Day
Popularity
Type
Ratings
Length
Year
Community
Subscriptions
Recent Discussions
Orange Saloon
Badges
Playlists
Quests
Create
Leaderboards
Showdown
Live 5
Trivia Bingo
Activity
Puzzle Library
Sporcle Events
Private Events
Virtual Trivia
Globe League
Become a Host
Pub Owners
SporcleCon
Opinionation
Our Games
Videos
Blog
Mobile Apps
Partnerships
Remove Ads and Go Orange
Feedback
Sports
Athletes
MLB
NBA
NHL
NFL
Soccer
Sports Teams
WWE
NCAA
Football
Premier League
Basketball
Baseball
Hockey
Golf
Tennis
Cricket
Rugby
Auto Racing
Olympics
World Cup
Sports
Athletes
MLB
NBA
NHL
NFL
Soccer
Sports Teams
WWE
NCAA
Football
Premier League
Basketball
Baseball
Hockey
Golf
Tennis
Cricket
Rugby
Auto Racing
Olympics
World Cup
Random Quiz
Search Sporcle
×
Quiz Lab
Quiz Lab
Sports
Premier League
Type in answers that appear in a list
Type in answers that appear in a list
Classic
Best Score? Go Orange.
Champions League English Team XIs - 2005-2010 Stats
Can you name the Champions League English Team XIs - 2005-2010?
15m
220 Questions
3,161 Plays
3,161 Plays
3,161 Plays
Comments
Comments
Give Quiz Kudos
Give Quiz Kudos
-
- Ratings
hide this ad
Replay
Link that replays current quiz
Next Quiz
Link to next quiz in quiz playlist
You Got
0%
They Got
Avg Score
86%
Avg Friend Score
Upgrade to see
Score Distribution
Jump to the score distribution portion of the page
Score
0/220
Timer
15:00
0
Plays Today
Team
Players
% Correct
Chelsea (2005/
06)
Petr Cech
97.3%
Chelsea (2006/
07)
Petr Cech
97.3%
Chelsea (2007/
08)
Petr Cech
97.3%
Chelsea (2008/
09)
Petr Cech
97.3%
Chelsea (2009/
10)
Petr Cech
97.3%
Arsenal (2005/
06)
Thierry Henry
96.6%
Arsenal (2006/
07)
Thierry Henry
96.6%
Man United (2005/
06)
Edwin van der Sar
96.4%
Man United (2006/
07)
Edwin van der Sar
96.4%
Man United (2007/
08)
Edwin van der Sar
96.4%
Man United (2008/
09)
Edwin van der Sar
96.4%
Man United (2009/
10)
Edwin van der Sar
96.4%
Chelsea (2005/
06)
Didier Drogba
96%
Chelsea (2006/
07)
Didier Drogba
96%
Chelsea (2007/
08)
Didier Drogba
96%
Chelsea (2008/
09)
Didier Drogba
96%
Chelsea (2009/
10)
Didier Drogba
96%
Liverpool (2005/
06)
Pepe Reina
95.8%
Liverpool (2006/
07)
Pepe Reina
95.8%
Liverpool (2007/
08)
Pepe Reina
95.8%
Liverpool (2008/
09)
Pepe Reina
95.8%
Liverpool (2009/
10)
Pepe Reina
95.8%
Man United (2005/
06)
Wayne Rooney
95.6%
Man United (2006/
07)
Wayne Rooney
95.6%
Man United (2007/
08)
Wayne Rooney
95.6%
Man United (2008/
09)
Wayne Rooney
95.6%
Man United (2009/
10)
Wayne Rooney
95.6%
Man United (2005/
06)
Cristiano Ronaldo
95.4%
Man United (2006/
07)
Cristiano Ronaldo
95.4%
Man United (2007/
08)
Cristiano Ronaldo
95.4%
Man United (2008/
09)
Cristiano Ronaldo
95.4%
Chelsea (2005/
06)
John Terry
95.1%
Chelsea (2006/
07)
John Terry
95.1%
Chelsea (2007/
08)
John Terry
95.1%
Chelsea (2008/
09)
John Terry
95.1%
Chelsea (2009/
10)
John Terry
95.1%
Liverpool (2005/
06)
Steven Gerrard
95%
Man United (2005/
06)
Ryan Giggs
95%
Liverpool (2006/
07)
Steven Gerrard
95%
Man United (2006/
07)
Ryan Giggs
95%
Liverpool (2007/
08)
Steven Gerrard
95%
Liverpool (2008/
09)
Steven Gerrard
95%
Liverpool (2009/
10)
Steven Gerrard
95%
Chelsea (2005/
06)
Frank Lampard
94.7%
Chelsea (2006/
07)
Frank Lampard
94.7%
Chelsea (2007/
08)
Frank Lampard
94.7%
Chelsea (2008/
09)
Frank Lampard
94.7%
Chelsea (2009/
10)
Frank Lampard
94.7%
Arsenal (2005/
06)
Jens Lehmann
94.7%
Arsenal (2006/
07)
Jens Lehmann
94.7%
Man United (2005/
06)
Rio Ferdinand
94.6%
Man United (2006/
07)
Rio Ferdinand
94.6%
Man United (2007/
08)
Rio Ferdinand
94.6%
Man United (2008/
09)
Rio Ferdinand
94.6%
Man United (2009/
10)
Rio Ferdinand
94.6%
Arsenal (2005/
06)
Kolo Toure
94.4%
Arsenal (2006/
07)
Kolo Toure
94.4%
Arsenal (2007/
08)
Kolo Toure
94.4%
Arsenal (2008/
09)
Kolo Toure
94.4%
Man United (2006/
07)
Nemanja Vidic
94.4%
Man United (2007/
08)
Nemanja Vidic
94.4%
Man United (2008/
09)
Nemanja Vidic
94.4%
Man United (2009/
10)
Nemanja Vidic
94.4%
Liverpool (2007/
08)
Fernando Torres
94.3%
Liverpool (2008/
09)
Fernando Torres
94.3%
Liverpool (2009/
10)
Fernando Torres
94.3%
Man United (2005/
06)
Paul Scholes
94.1%
Man United (2006/
07)
Paul Scholes
94.1%
Man United (2007/
08)
Paul Scholes
94.1%
Man United (2009/
10)
Paul Scholes
94.1%
Arsenal (2005/
06)
Ashley Cole
93.7%
Chelsea (2006/
07)
Ashley Cole
93.7%
Chelsea (2007/
08)
Ashley Cole
93.7%
Chelsea (2008/
09)
Ashley Cole
93.7%
Team
Players
% Correct
Chelsea (2007/
08)
Joe Cole
93.7%
Man United (2007/
08)
Patrice Evra
93.7%
Man United (2008/
09)
Patrice Evra
93.7%
Man United (2009/
10)
Patrice Evra
93.7%
Chelsea (2005/
06)
Michael Essien
93.1%
Chelsea (2006/
07)
Michael Essien
93.1%
Chelsea (2007/
08)
Michael Essien
93.1%
Chelsea (2009/
10)
Michael Essien
93.1%
Man United (2007/
08)
Nani
93%
Man United (2008/
09)
Nani
93%
Man United (2009/
10)
Nani
93%
Chelsea (2006/
07)
Michael Ballack
92.3%
Chelsea (2007/
08)
Michael Ballack
92.3%
Chelsea (2008/
09)
Michael Ballack
92.3%
Chelsea (2009/
10)
Michael Ballack
92.3%
Liverpool (2005/
06)
Jamie Carragher
92%
Liverpool (2006/
07)
Jamie Carragher
92%
Liverpool (2007/
08)
Jamie Carragher
92%
Liverpool (2008/
09)
Jamie Carragher
92%
Liverpool (2009/
10)
Jamie Carragher
92%
Chelsea (2005/
06)
Ricardo Carvalho
91.5%
Chelsea (2006/
07)
Ricardo Carvalho
91.5%
Chelsea (2007/
08)
Ricardo Carvalho
91.5%
Chelsea (2009/
10)
Ricardo Carvalho
91.5%
Arsenal (2005/
06)
Cesc Fabregas
91.3%
Arsenal (2006/
07)
Cesc Fabregas
91.3%
Arsenal (2007/
08)
Cesc Fabregas
91.3%
Arsenal (2008/
09)
Cesc Fabregas
91.3%
Arsenal (2009/
10)
Cesc Fabregas
91.3%
Man United (2005/
06)
Ruud van Nistelrooy
90.9%
Man United (2009/
10)
Antonio Valencia
90.6%
Arsenal (2006/
07)
Robin van Persie
90.2%
Arsenal (2008/
09)
Robin van Persie
90.2%
Liverpool (2005/
06)
Xabi Alonso
89.9%
Liverpool (2006/
07)
Xabi Alonso
89.9%
Arsenal (2007/
08)
Emmanuel Adebayor
89.9%
Arsenal (2008/
09)
Emmanuel Adebayor
89.9%
Liverpool (2008/
09)
Xabi Alonso
89.9%
Man United (2006/
07)
Michael Carrick
89.7%
Man United (2007/
08)
Michael Carrick
89.7%
Man United (2008/
09)
Michael Carrick
89.7%
Man United (2009/
10)
Michael Carrick
89.7%
Man United (2005/
06)
Darren Fletcher
89.6%
Man United (2008/
09)
Darren Fletcher
89.6%
Man United (2009/
10)
Darren Fletcher
89.6%
Arsenal (2009/
10)
Andrei Arshavin
88.1%
Man United (2005/
06)
John O'Shea
87.9%
Man United (2006/
07)
John O'Shea
87.9%
Man United (2008/
09)
John O'Shea
87.9%
Chelsea (2009/
10)
Branislav Ivanovic
87.3%
Liverpool (2006/
07)
Dirk Kuyt
87.2%
Liverpool (2007/
08)
Dirk Kuyt
87.2%
Liverpool (2008/
09)
Dirk Kuyt
87.2%
Liverpool (2009/
10)
Dirk Kuyt
87.2%
Chelsea (2006/
07)
Andriy Shevchenko
86.8%
Liverpool (2005/
06)
John Arne Riise
86.6%
Liverpool (2006/
07)
John Arne Riise
86.6%
Liverpool (2005/
06)
Sami Hyypia
86.5%
Liverpool (2007/
08)
Sami Hyypia
86.5%
Chelsea (2006/
07)
John Obi Mikel
85.4%
Chelsea (2008/
09)
John Obi Mikel
85.4%
Man United (2007/
08)
Anderson
85.1%
Man United (2008/
09)
Anderson
85.1%
Arsenal (2005/
06)
Fredrik Ljungberg
84.9%
Liverpool (2007/
08)
Martin Skrtel
84.6%
Liverpool (2008/
09)
Martin Skrtel
84.6%
Liverpool (2006/
07)
Daniel Agger
84.4%
Liverpool (2009/
10)
Daniel Agger
84.4%
Chelsea (2005/
06)
Arjen Robben
84.2%
Chelsea (2005/
06)
Claude Makelele
84.2%
Chelsea (2006/
07)
Claude Makelele
84.2%
Chelsea (2007/
08)
Claude Makelele
84.2%
Arsenal (2005/
06)
Aliaksandr Hleb
83.5%
Arsenal (2006/
07)
Aliaksandr Hleb
83.5%
Team
Players
% Correct
Arsenal (2007/
08)
Aliaksandr Hleb
83.5%
Man United (2009/
10)
Gary Neville
82.7%
Liverpool (2007/
08)
Javier Mascherano
82.6%
Liverpool (2008/
09)
Javier Mascherano
82.6%
Liverpool (2009/
10)
Javier Mascherano
82.6%
Arsenal (2006/
07)
Tomas Rosicky
82.4%
Chelsea (2007/
08)
Florent Malouda
82.2%
Chelsea (2008/
09)
Florent Malouda
82.2%
Chelsea (2009/
10)
Florent Malouda
82.2%
Chelsea (2008/
09)
Nicolas Anelka
82%
Chelsea (2009/
10)
Nicolas Anelka
82%
Liverpool (2009/
10)
Yossi Benayoun
81.9%
Arsenal (2007/
08)
Manuel Almunia
81.6%
Arsenal (2008/
09)
Manuel Almunia
81.6%
Arsenal (2009/
10)
Manuel Almunia
81.6%
Chelsea (2009/
10)
Salomon Kalou
81.4%
Arsenal (2006/
07)
Gael Clichy
81.2%
Arsenal (2007/
08)
Gael Clichy
81.2%
Arsenal (2008/
09)
Gael Clichy
81.2%
Arsenal (2009/
10)
Gael Clichy
81.2%
Arsenal (2007/
08)
Bacary Sagna
80.7%
Arsenal (2008/
09)
Bacary Sagna
80.7%
Arsenal (2009/
10)
Bacary Sagna
80.7%
Chelsea (2005/
06)
William Gallas
80.1%
Chelsea (2005/
06)
Damien Duff
80.1%
Arsenal (2006/
07)
William Gallas
80.1%
Arsenal (2007/
08)
William Gallas
80.1%
Arsenal (2008/
09)
William Gallas
80.1%
Arsenal (2009/
10)
William Gallas
80.1%
Chelsea (2005/
06)
Paulo Ferreira
79.5%
Arsenal (2006/
07)
Gilberto Silva
79.3%
Arsenal (2005/
06)
Emmanuel Eboue
79.1%
Arsenal (2006/
07)
Emmanuel Eboue
79.1%
Arsenal (2007/
08)
Emmanuel Eboue
79.1%
Arsenal (2009/
10)
Emmanuel Eboue
79.1%
Man United (2006/
07)
Wes Brown
79%
Man United (2007/
08)
Wes Brown
79%
Arsenal (2008/
09)
Alex Song
78.4%
Arsenal (2009/
10)
Alex Song
78.4%
Liverpool (2005/
06)
Steve Finnan
78%
Liverpool (2006/
07)
Steve Finnan
78%
Liverpool (2005/
06)
Peter Crouch
77.1%
Liverpool (2006/
07)
Peter Crouch
77.1%
Liverpool (2005/
06)
Luis Garcia
75.2%
Arsenal (2005/
06)
Philippe Senderos
74.3%
Arsenal (2007/
08)
Philippe Senderos
74.3%
Arsenal (2009/
10)
Thomas Vermaelen
74%
Arsenal (2005/
06)
Jose Antonio Reyes
73.4%
Man United (2005/
06)
Mikael Silvestre
71.9%
Chelsea (2008/
09)
Jose Bosingwa
71.9%
Chelsea (2008/
09)
Alex
71.7%
Liverpool (2006/
07)
Craig Bellamy
70.8%
Liverpool (2009/
10)
Lucas Leiva
70.7%
Man United (2006/
07)
Gabriel Heinze
70.6%
Arsenal (2008/
09)
Samir Nasri
68.4%
Arsenal (2009/
10)
Samir Nasri
68.4%
Liverpool (2005/
06)
Djimi Traore
66.5%
Liverpool (2007/
08)
Ryan Babel
66.5%
Liverpool (2009/
10)
Glen Johnson
65.8%
Liverpool (2007/
08)
Alvaro Arbeloa
65.3%
Liverpool (2008/
09)
Alvaro Arbeloa
65.3%
Arsenal (2005/
06)
Mathieu Flamini
59.6%
Arsenal (2007/
08)
Mathieu Flamini
59.6%
Arsenal (2009/
10)
Abou Diaby
55.6%
Liverpool (2005/
06)
Mohamed Sissoko
54.1%
Arsenal (2008/
09)
Denilson
54.1%
Liverpool (2007/
08)
Fabio Aurelio
51.7%
Liverpool (2008/
09)
Fabio Aurelio
51.7%
Liverpool (2008/
09)
Albert Riera
44.1%
Liverpool (2006/
07)
Jermaine Pennant
43.8%
Man United (2005/
06)
Alan Smith
40.6%
Liverpool (2009/
10)
Emiliano Insua
38.9%
Quiz Playlist
Details
Report
Send in Message
Add To Playlist
Classic:
Type in answers that appear in a list
Last Updated: Sep 21, 2017
Quiz Scoreboard
CHALLENGE
Sign Up to Join the Scoreboard
Show All
Scores
Hide
Comments
May contain spoilers
Recently Published
Holiday 10x10 Sorting Gallery
by lukepisani3
Holiday
15m
Two Season TV Shows II
by 123Four
Television
10m
Image Sorting: Flags VI
by Barbecue
Geography
2m
More to Explore
Quiz From the Vault
Featured Blog Post
14 Easter Pick-up Lines to Find Eggs With
hide this ad
You Might Also Like...
Tags
Premier League Quiz
Soccer Quiz
Arsenal
Chelsea
English Soccer
Liverpool
Manchester United
UEFA Champions' League
UEFA Champions' League XIs
XIs
Today's Top Quizzes in Sports
Browse Sports
hide this ad
Today's Top Quizzes in Premier League
Browse Premier League
Top Contributed Quizzes in Sports
1
Les meilleurs buteurs des matchs entre le PSG et l’OM
2
Les entraîneurs de l'OM et du PSG au 21e siècle
3
2022 World Cup Stars
4
Les joueurs passés par le PSG et l'OM
5
Players with Multiple 50 Home Run Seasons
6
FIFA Club World Cup Champions
7
Top 10 NHL Goal Scorers of All Time
8
Les joueurs passés par le LOSC et le RC Lens
9
Criteria MLB: Left Handed Sluggers
10
2023 MLB Unique Player Accomplishments
Explore More
Trending Topics
Marvel
Crossword
Disney
Kpop
Anime
NBA
Harry Potter
WWE
Puzzle
Country
The Office
NFL
Soccer
Song
Pokémon
hide this ad
Score Distribution
Popular Quizzes Today
1
Find the US States - No Outlines Minefield
2
Colored Red Africa Blitz
3
Find the 'City' Movie
4
The Countries of the World
5
5x2 Blitz: Bands
6
Find the US States
7
Find the Countries of Europe - No Outlines Minefield
8
US States
More Sports Quizzes
International Footballers: Spot the Spaniards II
Published
Trending Quizzes
Colored Red Europe Blitz I
Colored Red Europe Blitz II
Colored Red Africa Blitz II
Colored Red Europe Blitz III
Colored Red Africa Blitz III
Recently Updated
Odd Team Out - Big 4 Players
pecheneg
Quick Pick: 20 Twenties
pecheneg
March Madness Men's Triple Doubles
pecheneg
How Do You Spell That?
pecheneg
Godzilla Movies
pecheneg
Grab Bag: 4-10 Letters
pecheneg
2024 March Madness Bracket
pecheneg
Famous TV Couples
Peacemaker
Champions League XIs: Real Madrid
pecheneg
Largest US Cities 1790-2010
pecheneg
Trending Topics
Harry Potter
Anime
Crossword
Marvel
NBA
Kpop
Disney
The Office
Song
WWE
Puzzle
Soccer
Country
Pokémon
NFL
Your Account Isn't Verified!
In order to create a playlist on Sporcle, you need to verify the email address you used during registration. Go to your
Sporcle Settings
to finish the process.
Report this User
Report this user for behavior that violates our
Community Guidelines
.
Details:
Send Report
Go to the Sporcle.com Mobile Site →
Comments